01649nam a2200385 a 4500001001000000003000500010005001700015008004100032010001100073011001100084040000900095090001000104100004400114245014900158260004100307500006000348502009600408590003700504590004100541590004000582590004000622590004000662650004600702650003500748650003600783650004000819856001600859856007000875901000700945942001000952942000600962999001900968952014000987952013601127000111278CHAP20220329144205.0150126s2014 mx |sm |||||||spa d a107740 a108712 cCHAP aTesis1 aCarrillo Hurtado, Alvin Gustavo912911910aEvaluación de ensilados a base de triticale (X. Triticosecale Witt.) en el rancho El Carmenh[En línea]cpor Alvin Gustavo Carrillo Hurtado. aBermejillo, Dgo. :bEl autor,c2014. aPara ver el contenido del material haga clic en la liga aTesis (Ing. en Sistemas Pecuarios) -- UACH. Unidad Regional Universitaria de Zonas Áridas aBATCHb00c20181121lUCH01h0759 aE11695DGDb10c20150128lUCH01h1314 aE5652GLJb05c20150126lUCH01h1244 aE5652GLJb05c20150126lUCH01h1244 aE5652GLJb05c20150126lUCH01h130314aAgricultura sustentablezDurango.912912814aTrigoxFermentación.912912614aTriticale como forraje.911523514aTriticalexValor nutritivo.9115230 a1 n0001342 aFinding aiduhttp://10.13.5.2/tesis/sist111278.pdfzTeclea aquí aBK cTESIS n0 c107740d107740 00102local4053708TESISaBCbBCcPA_TESISd2015-01-26fTESISl0oTesisp33724002443751r2019-12-31 00:00:00tc.2w2019-12-31yTESIS 00104054718TESISaBCbBCd2015-01-26fTESISl0oTesisp33724002443793r2019-12-31 00:00:00w2019-12-31yTESISzRecien adquirido